书目信息 |
| 题名: |
雅致餐厅
|
|
| 作者: | ;高迪国际出版有限公司 编 | |
| 分册: | ||
| 出版信息: | 南京 江苏人民出版社 2011.09 |
|
| 页数: | 368页 | |
| 开本: | ||
| 丛书名: | ||
| 单 册: | ||
| 中图分类: | TU247.3 | |
| 科图分类: | ||
| 主题词: | 民用建筑--建筑设计 | |
| 电子资源: | ||
| ISBN: | 978-7-214-07277-1 | |
| 000 | 00643nam0 2200193 450 | |
| 001 | 1235338111 | |
| 005 | 20120223095329.95 | |
| 010 | @a978-7-214-07277-1@dCNY328.00 | |
| 100 | @a20120223d2011 km y0chiy0120 ea | |
| 101 | 0 | @achi |
| 102 | @aCN@b320000 | |
| 200 | 1 | @a雅致餐厅@Aya zhi can ting@f高迪国际出版有限公司编@Fgao di guo ji chu ban you xian gong si bian |
| 210 | @a南京@c江苏人民出版社@d2011.09 | |
| 215 | @a368页 | |
| 606 | 0 | @a民用建筑@x建筑设计 |
| 690 | @aTU247.3@v4 | |
| 711 | 02 | @a高迪国际出版有限公司@Agao di guo ji chu ban you xian gong si@4编 |
| 801 | 0 | @aCN@b大连网信软件有限公司图书馆·11@c20120223 |
| 905 | @aZUCC@dTU247.3@eG101 | |
| 雅致餐厅/高迪国际出版有限公司编.-南京:江苏人民出版社,2011.09 |
| 368页 |
| ISBN 978-7-214-07277-1:CNY328.00 |
| ● |
| 相关链接 |
|
|
|
正题名:雅致餐厅
索取号:TU247.3/G101
 
预约/预借
| 序号 | 登录号 | 条形码 | 馆藏地/架位号 | 状态 | 备注 |
| 1 | 483922 | 204839229 | 建筑库101/101建筑库 69排3列3层/ [索取号:TU247.3/G101] | 在馆 | |
| 2 | 483925 | 204839256 | 建筑库101/101建筑库 102排6列3层/ [索取号:TU247.3/G101] | 在馆 | |
| 3 | 483926 | 204839265 | 建筑库101/101建筑库 103排2列1层/ [索取号:TU247.3/G101] | 在馆 |